[Event "Commonwealth-ch U18 Girls"]
[Site "New Delhi"]
[Date "2018.06.29"]
[Round "4"]
[White "Tarini, Goyal"]
[Black "Archi, Agrawal"]
[Result "1-0"]
[WhiteElo "1973"]
[BlackElo "1540"]
[PlyCount "123"]
[EventDate "2018.06.26"]
[EventType "swiss"]
[EventRounds "7"]
[EventCountry "IND"]
[SourceTitle "EXT 2019"]
[Source "ChessBase"]
[SourceDate "2018.10.10"]
[SourceVersion "1"]
[SourceVersionDate "2018.10.10"]
[SourceQuality "1"]

1. d4 Nf6 2. c4 g6 3. g3 Bg7 4. Bg2 0-0 5. Nf3 d6 6. Nc3 Nc6 7. 0-0 Bf5 8. d5 Na5 9. Nd2 c5 10. e4 Bd7 11. h3 Rb8 12. Qe2 e5 13. a3 b6 14. b4 Nb7 15. Nb3 Ne8 16. Bb2 f5 17. exf5 Bxf5 18. Ne4 Bxe4 19. Bxe4 Nf6 20. Bg2 Qc7 21. b5 Rbe8 22. Nd2 Nd8 23. Ne4 Nf7 24. h4 Qd7 25. Rae1 Nxe4 26. Qxe4 Nh6 27. Qe2 Nf7 28. Qe4 Nh6 29. a4 Qf5 30. Qe2 Qc8 31. Qe4 Qf5 32. Qe2 Qc8 33. h5 g5 34. Bc1 g4 35. Be4 Qd7 36. Bc2 Rf3 37. Be4 Rff8 38. Bc2 Rf3 39. Qe4 Qf5 40. Bxh6 Qxe4 41. Bxe4 Bxh6 42. Bxf3 gxf3 43. Re4 Kf7 44. Kh2 Kf6 45. g4 Bf4+ 46. Kh3 Kg5 47. Rb1 Bd2 48. Rb2 Bf4 49. Rb1 Bd2 50. Rb2 Bb4 51. Rb3 Rf8 52. Kg3 Bd2 53. Rxf3 Rf4 54. Rfxf4 Bxf4+ 55. Kh3 Bd2 56. Re2 Bc3 57. Kg3 h6 58. Re3 Bd2 59. Rf3 Bf4+ 60. Rxf4 exf4+ 61. Kf3 Kf6 62. Kxf4 1-0

[Event "Commonwealth-ch U18 Girls"]
[Site "New Delhi"]
[Date "2018.06.26"]
[Round "1"]
[White "Archi, Agrawal"]
[Black "Aakanksha, Hagawane"]
[Result "0-1"]
[WhiteElo "1540"]
[BlackElo "2297"]
[PlyCount "84"]
[EventDate "2018.06.26"]
[EventType "swiss"]
[EventRounds "7"]
[EventCountry "IND"]
[SourceTitle "EXT 2019"]
[Source "ChessBase"]
[SourceDate "2018.10.10"]
[SourceVersion "1"]
[SourceVersionDate "2018.10.10"]
[SourceQuality "1"]

1. Nf3 Nf6 2. c4 Nc6 3. g3 e5 4. Bg2 Bc5 5. Nc3 a5 6. 0-0 0-0 7. d3 h6 8. Rb1 d6 9. a3 Bd7 10. Na4 Ba7 11. b4 axb4 12. axb4 Nd4 13. Nc3 c6 14. b5 Nxf3+ 15. Bxf3 Bd4 16. Bb2 Bh3 17. Re1 d5 18. e3 Bb6 19. Na4 Ba5 20. Bc3 e4 21. dxe4 dxe4 22. Qxd8 Rfxd8 23. Bd1 Bxc3 24. Nxc3 Ra3 25. Ne2 Be6 26. bxc6 bxc6 27. Nd4 Bxc4 28. Nxc6 Rd2 29. Ne5 Be6 30. Re2 Rd6 31. Reb2 Ra5 32. Rb6 Rxb6 33. Rxb6 Rxe5 34. Bb3 Nd7 35. Rb7 Bh3 36. Bd1 Rd5 37. Rb1 Ne5 38. Bb3 Nf3+ 39. Kh1 Rd2 40. Bd1 Rxf2 41. Bxf3 exf3 42. Kg1 Re2 0-1

[Event "IND-ch Challengers (Women) 44th"]
[Site "Mysore"]
[Date "2017.07.21"]
[Round "1"]
[White "Pratyusha, Bodda"]
[Black "Archi, Agrawal"]
[Result "1-0"]
[WhiteElo "2236"]
[BlackElo "1482"]
[PlyCount "115"]
[EventDate "2017.07.21"]
[EventType "swiss"]
[EventRounds "11"]
[EventCountry "IND"]
[SourceTitle "EXT 2019"]
[Source "ChessBase"]
[SourceDate "2018.10.10"]
[SourceVersion "1"]
[SourceVersionDate "2018.10.10"]
[SourceQuality "1"]

1. e4 c5 2. Nf3 Nc6 3. d4 cxd4 4. Nxd4 g6 5. Nc3 Bg7 6. Be3 Nf6 7. Bc4 0-0 8. Bb3 d6 9. f3 Bd7 10. g4 a6 11. Qd2 Qa5 12. 0-0-0 b5 13. h4 h5 14. Nxc6 Bxc6 15. Bh6 b4 16. Nd5 Bxd5 17. exd5 Qb5 18. Bxg7 Kxg7 19. Qd4 Qc5 20. g5 Qxd4 21. Rxd4 Nd7 22. Rxb4 Nc5 23. Re1 Ra7 24. Kd2 f6 25. Rf4 fxg5 26. Rxf8 Nxb3+ 27. axb3 Kxf8 28. Rg1 Kf7 29. Rxg5 Rb7 30. Kc3 Rb5 31. b4 a5 32. bxa5 Rxa5 33. b3 Kf6 34. Kb2 e6 35. b4 Rb5 36. Kb3 e5 37. c4 Rb7 38. Ka4 Rc7 39. Kb5 Rb7+ 40. Ka5 Rc7 41. c5 dxc5 42. Kb6 Rd7 43. Kxc5 Rc7+ 44. Kd6 Rc4 45. b5 Rb4 46. Rxe5 Rxb5 47. Re4 g5 48. Re6+ Kf5 49. Re5+ Kf4 50. Rxg5 Kxf3 51. Rxh5 Kg4 52. Rh8 Rb6+ 53. Kc7 Rb1 54. d6 Rc1+ 55. Kd8 Rd1 56. d7 Rd2 57. Kc7 Rc2+ 58. Kb6 1-0

[Event "Mumbai Wealth op"]
[Site "Mumbai"]
[Date "2016.02.04"]
[Round "8"]
[White "Kadav, Omkar"]
[Black "Archi, Agrawal"]
[Result "1-0"]
[WhiteElo "1876"]
[BlackElo "1633"]
[PlyCount "85"]
[EventDate "2016.01.28"]
[EventType "swiss"]
[EventRounds "9"]
[EventCountry "IND"]
[SourceTitle "CBM 170 Extra"]
[Source "ChessBase"]
[SourceDate "2016.02.25"]
[SourceVersion "1"]
[SourceVersionDate "2016.02.25"]
[SourceQuality "1"]

1. e4 c5 2. Nf3 Nc6 3. d4 cxd4 4. Nxd4 g6 5. Nc3 Bg7 6. Be3 Nf6 7. Bc4 0-0 8. Bb3 a5 9. f3 d5 10. Bxd5 Nxd5 11. exd5 Nb4 12. Nde2 Bf5 13. Rc1 Qd6 14. a3 Na6 15. 0-0 Rfd8 16. Qd2 h5 17. Rcd1 Nc7 18. Kh1 Rac8 19. Bf4 Qa6 20. Rfe1 e5 21. Bg5 f6 22. Be3 Kh7 23. Ng3 Be6 24. d6 Ne8 25. Nge4 Qc6 26. a4 Bf8 27. Nb5 Qxc2 28. Qxc2 Rxc2 29. Bb6 Rd7 30. Nc5 Rxc5 31. Bxc5 b6 32. Bxb6 Nxd6 33. Nxd6 Bxd6 34. Bxa5 Bb3 35. Bb4 Bxd1 36. Rxd1 Rb7 37. Bxd6 Rxb2 38. Ra1 Rd2 39. Bb4 Rb2 40. Be1 f5 41. a5 e4 42. fxe4 fxe4 43. a6 1-0

[Event "Wch U12 Girls"]
[Site "Al Ain"]
[Date "2013.12.20"]
[Round "3"]
[White "Hoshino, Karen M"]
[Black "Archi, Agrawal"]
[Result "1/2-1/2"]
[WhiteElo "1708"]
[BlackElo "1412"]
[PlyCount "34"]
[EventDate "2013.12.18"]
[EventType "swiss"]
[EventRounds "11"]
[EventCountry "UAE"]
[SourceTitle "CBM 158 Extra"]
[Source "ChessBase"]
[SourceDate "2014.02.28"]
[SourceVersion "1"]
[SourceVersionDate "2014.02.28"]
[SourceQuality "1"]

1. d4 d5 2. c4 e6 3. cxd5 exd5 4. Nc3 c6 5. Nf3 Bd6 6. Bg5 Nf6 7. Qc2 0-0 8. e3 Nbd7 9. Bd3 h6 10. Bh4 Qc7 11. 0-0 Re8 12. Rac1 a6 13. a3 Be7 14. Bxf6 Nxf6 15. h3 Bd6 16. Rfe1 Bd7 17. Re2 Re7 1/2-1/2